LEADER 03886oam 22006014a 450 001 9910449460503321 005 20250905110045.0 010 $a9780295748733 010 $a0295748737 035 $a(CKB)5590000000444205 035 $a(OCoLC)1224583899 035 $a(MdBmJHUP)muse97902 035 $a(MiAaPQ)EBC6631816 035 $a(Au-PeEL)EBL6631816 035 $a(Perlego)4252852 035 $a(ODN)ODN0009064686 035 $a(EXLCZ)995590000000444205 100 $a20201118d2021 uy 0 101 0 $aeng 135 $aur|||||||nn|n 181 $ctxt$2rdacontent 182 $cc$2rdamedia 183 $acr$2rdacarrier 200 10$aMapping Water in Dominica$eEnslavement and Environment under Colonialism /$fMark W Hauser 205 $a1st ed. 210 1$aSeattle :$cUniversity of Washington Press,$d[2021] 210 4$dİ[2021] 215 $a1 online resource (1 online resource.) 225 0 $aCulture, place, and nature: studies in anthropology and environment 311 08$a9780295748719 311 08$a0295748710 327 $aCover -- Halftitle -- Series -- Title -- Copyright -- Sustainable History Monograph Pilot -- Dedication -- Contents -- Foreword -- Acknowledgments -- Timeline -- Introduction -- Waterscapes -- Chapter 1 -- Properties -- Chapter 2 -- Chapter 3 -- Cultivation -- Chapter 4 -- Chapter 5 -- Epilogue -- Notes -- Bibliography. 330 $a"Open access edition: DOI 10.6069/ 9780295748733 Dominica, a place once described as "Nature's Island," was rich in biodiversity and seemingly abundant water, but in the eighteenth century a brief, failed attempt by colonial administrators to replace cultivation of varied plant species with sugarcane caused widespread ecological and social disruption. Illustrating how deeply intertwined plantation slavery was with the environmental devastation it caused, Mapping Water in Dominica situates the social lives of eighteenth-century enslaved laborers in the natural history of two Dominican enclaves. Mark Hauser draws on archaeological and archival history from Dominica to reconstruct the changing ways that enslaved people interacted with water and exposes crucial pieces of Dominica's colonial history that have been omitted from official documents. The archaeological record-which preserves traces of slave households, waterways, boiling houses, mills, and vessels for storing water-reveals changes in political authority and in how social relations were mediated through the environment. Plantation monoculture, which depended on both slavery and an abundant supply of water, worked through the environment to create predicaments around scarcity, mobility, and belonging whose resolution was a matter of life and death. In following the vestiges of these struggles, this investigation documents a valuable example of an environmental challenge centered around insufficient water. Mapping Water in Dominica is available in an open access edition through the Sustainable History Monograph Pilot, thanks to the generous support of the Andrew W. Mellon Foundation and Northwestern University Libraries"--$cProvided by publisher. 410 0$aCulture, Place, and Nature 606 $aHISTORY / Caribbean & West Indies / General$2bisacsh 606 $aWater$2fast$3(OCoLC)fst01171139 606 $aWater$zDominica$xHistory 606 $aSlavery$xEnvironmental aspects$zDominica 607 $aDominica$2fast 608 $aHistory. 608 $aElectronic books. 615 0$aHISTORY / Caribbean & West Indies / General 615 0$aWater. 615 0$aWater$xHistory. 615 0$aSlavery$xEnvironmental aspects 676 $a306.36209729841 700 $aHauser$b Mark W.$0112693 801 0$bMdBmJHUP 801 1$bMdBmJHUP 906 $aBOOK 912 $a9910449460503321 996 $aMapping Water in Dominica$92246314 997 $aUNINA LEADER 04593nam 2200817Ia 450 001 9910456238303321 005 20251101110028.0 010 $a1-282-88486-7 010 $a9786612884863 010 $a3-11-022471-2 024 7 $a10.1515/9783110224719 035 $a(CKB)2480000000004660 035 $a(EBL)605996 035 $a(OCoLC)688585721 035 $a(SSID)ssj0000437414 035 $a(PQKBManifestationID)11287054 035 $a(PQKBTitleCode)TC0000437414 035 $a(PQKBWorkID)10431424 035 $a(PQKB)10515357 035 $a(DE-B1597)38157 035 $a(OCoLC)774092783 035 $a(OCoLC)979636307 035 $a(OCoLC)987927194 035 $a(OCoLC)992454255 035 $a(DE-B1597)9783110224719 035 $a(Au-PeEL)EBL605996 035 $a(CaPaEBR)ebr10424421 035 $a(CaONFJC)MIL288486 035 $a(oapen)https://directory.doabooks.org/handle/20.500.12854/74600 035 $a(PPN)175525218 035 $a(oapen)doab74600 035 $a(ODN)ODN0002489671 035 $a(MiAaPQ)EBC605996 035 $a(EXLCZ)992480000000004660 100 $a20100330d2010 uy 0 101 0 $aeng 135 $aur||||||||||| 181 $ctxt 182 $cc 183 $acr 200 00$aHadrian and the Christians /$fedited by Marco Rizzi 210 $aBerlin ;$aNew York $cDe Gruyter$d2010 210 1$aBerlin ;$aBoston : $cDe Gruyter, $d[2010] 210 4$dİ2010 215 $a1 online resource (192 p.) 225 1 $aMillennium-Studien : Studien zu Kultur und Geschichte des ersten Jahrtausends n. Chr. ;$vBd. 30 =$aMillennium studies : studies in the culture and history of the first millennium C.E. ;$vBd. 30 300 $aDescription based upon print version of record. 311 08$a3-11-916286-8 311 08$a3-11-022470-4 320 $aIncludes bibliographical references and indexes. 327 $t Frontmatter -- $tContents -- $tIntroduction -- $tHadrian and the Christians -- $tVilla Adriana scenario del potere -- $tLa paideia di Adriano: alcune osservazioni sulla valenza politica del culto eroico -- $tHadrian, Eleusis, and the beginning of Christian apologetics -- $tThe Bar Kokhba Revolt and Hadrian's Religious Policy -- $tThe pseudo-Hadrianic Epistle in the Historia Augusta and Hadrian's religious policy -- $tSerapis, Boukoloi and Christians from Hadrian to Marcus Aurelius -- $tConclusion: Multiple identities in Second century Christianity -- $t Backmatter 330 $aThe Second Century occupies a central place in the development of ancient Christianity. The aim of the book is to examine how in the cultural, social, and religious efflorescence of the Second Century, to be witnessed in phenomena such as the Second Sophistic, Christianity found a peculiar way of integrating into the more general transformation of the Empire and how this allowed the emerging religion to establish and flourish in Graeco-Roman society. Hadrian's reign was the starting point of that process and opened new possibilities of self-definition and external self-presentation to Christianity, as well as to other social and religious agencies. Differently from Judaism, however, Christianity fully seized the opportunity, thus gaining an increasing place in Graeco-Roman society, which ultimately led to the first Christian peace under the Severan emperors. The point at issue is examined from a multi-disciplinary perspective (including archaeology, cultural, religious, and political history) to challenge well-established, but no longer satisfactory, historical and hermeneutical paradigms. The contributors aim to examine institutional issues and sociocultural processes in their different aspects, as they were made possible on Hadrian's initiative and resulted in the merge of early Christianity into the Roman Empire. 410 0$aMillennium-Studien ;$vBd. 30. 606 $aChurch history$yPrimitive and early church, ca. 30-600 606 $aChristianity and other religions$xJudaism$xHistory 606 $aJudaism$xRelations$xChristianity$xHistory 607 $aRome$xHistory$yHadrian, 117-138 615 0$aChurch history 615 0$aChristianity and other religions$xJudaism$xHistory. 615 0$aJudaism$xRelations$xChristianity$xHistory. 676 $a261.2/60937 686 $aBO 2110$2rvk 700 $aRizzi$b Marco 701 $aRizzi$b Marco$f1962-$0148019 801 0$bMiAaPQ 801 1$bMiAaPQ 801 2$bMiAaPQ 906 $aBOOK 912 $a9910456238303321 996 $aHadrian and the Christians$92476791 997 $aUNINA